00295nam a2200109Ia 4500008004100000041000800041100002100049245003900070260003500109300000800144700003300152250110s9999 xx 000 0 und d aeng aHerwadkar Ketaki aTemple Complex At Divar Island Goa bFinal Year B. Arch, BNCAc2014 a86p aGuide Name:Pendse Sanjeevani